000 01243nam a2200289 i 4500
001 182154
003 ES-MaACL
005 20231022172127.0
008 130620s2012 sp a | |||||||| | spa d
020 _a978-84-8408-678-9
080 _a929 Carrascosa López, Valentín
080 _a34:004(082.2)
245 0 3 _aEl derecho en la sociedad telemática :
_bestudios en homenaje al Prof. Dr. D. Valentín Carrascosa López /
_c[edición coordinada por Marcelo Bauzá Reilly y Federico Bueno de Mata ; relación de autores, Marcelo Bauzá Reilly ... et al.].
260 _aSantiago de Compostela :
_bAndavira,
_cD.L. 2012.
300 _aXXIII, 706 p. :
_bil., gráf. ;
_c24 cm.
504 _aIncluye referencias bibliográficas.
546 _aTextos en español y francés.
600 0 4 _aCarrascosa López, Valentín.
_935581
650 4 _aInformática-
_xDerecho.
_9152941
700 1 _aCarrascosa López, Valentín.
_935581
700 1 _aBauzá Reilly, Marcelo.
_9152942
700 1 _aBueno de Mata, Federico.
_9152943
852 _aES-MaACL
_jA-12726
_9189065
_bR.149007
_cDEPO1
_dOlim: N-5726
_xDonación: Valentín Carrascosa López
903 _935581
_aCarrascosa López, Valentín
_ednr
942 _2udc
999 _c182154
_d182154